Statystyki dla Czy znasz stolice tych państw?

Kliknij tutaj aby rozwiązać quiz!

Ogólne statystyki

  • Ten quiz został rozwiązany 103 razy
  • Średni wynik to 8 z 18

Statystyki odpowiedzi

HintOdpowiedź% Poprawnych
Stolica AlbaniTirana
89%
Stolica ArgentynyBuenos Aires
84%
Stolica MongoliiUłan Bator
77%
Stolica KazachstanuAstana
67%
Stolica WenezueliCaracas
65%
Stolica IndiiNowe Delhi
63%
Stolica Nowej ZelandiiWellington
59%
Stolica FilipinManila
58%
Stolica BoliwiiLa Paz
52%
Stolica JemenuSana
32%
Stolica FidżiSuva
28%
Stolica HondurasuTegucigalpa
25%
Stolica SeszeliVictoria
25%
Stolica NigruNiamey
24%
Stolica NamibiiWindhuk
23%
Stolica Republiki ŚrodkowoafrykańskiejBangi
16%
Stolica PalauNgerulmud
16%
Stolica Polinezji FrancuskiejTahiti
3%

Rozkład punktacji

Percentyl według liczby udzielonych odpowiedzi

Procent ludzi z każdym wynikiem

Twoja historia wyników

Nie rozwiązałeś tego quizu